IMF-supported programs in capital account crises

Guardado en:
Detalles Bibliográficos
Formato: Libro
Lenguaje:inglés
Publicado: Washington, D.C. IMF 2002
Colección:Occasional paper 210
Materias:
Etiquetas: Agregar Etiqueta
Sin Etiquetas, Sea el primero en etiquetar este registro!

MARC

LEADER 00000nam$a2200000$$$4500
001 0006632
005 20240315115433.7
020 |a 1-58906-082-2 
041 0 |a eng 
044 |a US 
245 1 0 |a IMF-supported programs in capital account crises 
264 1 |a Washington, D.C.  |b IMF  |c 2002 
300 |a 94 s. 
490 1 |a Occasional paper  |v 210 
830 0 |a Occasional paper  |v 210 
610 2 0 |a kríza 
610 2 0 |a účty kapitálové 
610 2 0 |a kapitál 
610 2 0 |a financovanie 
610 2 0 |a makroekonomika 
610 2 0 |a politika fiškálna 
610 2 0 |a politika menová 
610 2 0 |a politika štruktúrna 
610 2 0 |a Medzinárodný menový fond 
610 2 0 |a porovnanie medzinárodné 
610 2 0 |a porovnanie štatistické medzinárodné